Musiikkia kirjaimittain- I - Statistics

Yleistilastot
  • Tätä visaa on pelattu 180 kertaa
  • Keskiarvotulos 3 / 8
Vastaustilastot
Kappaleet Maa Aktiivisena Artisti/bändi % Oikein
Rentun ruusu | Kusessa ollaan Suomi 1962-1991 Irwin Goodman
91%
New Way Home | Somebody Else Suomi 2012- Isac Elliot
60%
Kelle mä soitan | Taivas maan päällä Suomi 2016- Ilta
59%
Jälki | Koko kuva Suomi 1998- Irina
54%
Vuorien taa | Scarlett Suomi 2001-2014, 2023- Indica
37%
On Top of the World | Enemy Yhdysvallat 2008- Imagine Dragons
24%
From Paris to Berlin | Keen on Disco Tanska 1997- Infernal
3%
Someone Who Can Dance | We Got the World Ruotsi 2009- Icona Pop
1%
Ehtoja vastaavia visoja ei löytynyt
Tulosjakauma
Jokaisen tuloksen saaneiden osuus
Persentiili vastausten määrän mukaan
Tuloshistoriasi
Et ole pelannut tätä visaa